Suelos del eje cafetero (Registro nro. 4396)

Detalles MARC
000 -CABECERA
Campo de control 00772cam a2200253 a 4500
005 - FECHA Y HORA DE LA ULTIMA TRANSACCION
Campo de control 20160204190531.0
008 - ELEMENTOS DE LONGITUD FIJA—INFORMACION GENERAL
Campo de control 030212s2002 ck ad r 000 0 spa d
015 ## - NATIONAL BIBLIOGRAPHY NUMBER
National bibliography number SSS
020 ## - ISBN
ISBN 9583325341
040 ## - FUENTE DE CATALOGACIÓN
Agencia catalogadora original CO-BoPUJ
Agencia transcriptora CO-BoIAVH
041 0# - IDIOMA
Código de idioma para texto/pista de sonido o título separado Español
082 04 - NUMERO DE CLASIFICACION DECIMAL DEWEY
Número de clasificación 558.61
Número del ítem S94s
245 10 - MENCION DE TITULO
Título Suelos del eje cafetero
Mención de responsabilidad Jorge Iván Orozco...[et al.]
250 ## - MENCION DE EDICION
Mención de edición 1a ed.
260 ## - PUBLICACION, DISTRIBUCION, ETC. (PIE DE IMPRENTA)
Lugar de publicación, distribución, etc. Pereira
Nombre del editor, distribuidor, etc. Coorporación Alemana al Desarrollo
Fecha de publicación, distribución, etc. 2001.
300 ## - DESCRIPCION FISICA
Extensión 199 p.
Otros detalles físicos il., diagramas
504 ## - NOTA DE BIBLIOGRAFIA, ETC.
Nota de bibliografía Incluye referencias bibliográficas.
650 24 - ASIENTO SECUNDARIO DE MATERIA - TERMINO TEMATICO
Término temático o nombre geográfico como elemento de entrada Geología
Subdivisión geográfica Pereira (Colombia)
9 (RLIN) 56956
650 24 - ASIENTO SECUNDARIO DE MATERIA - TERMINO TEMATICO
Término temático o nombre geográfico como elemento de entrada Cenizas y tobas valcánicas
9 (RLIN) 56957
700 1# - ASIENTO SECUNDARIO - NOMBRE PERSONAL
Nombre personal Orozco, Jorge Iván
9 (RLIN) 56958
700 1# - ASIENTO SECUNDARIO - NOMBRE PERSONAL
Nombre personal Hermelin, Michel
9 (RLIN) 11228
700 1# - ASIENTO SECUNDARIO - NOMBRE PERSONAL
Nombre personal Toro, Gloria
9 (RLIN) 21960
942 ## - ELEMENTOS ADICIONALES (KOHA)
Sistema de clasificación Dewey Decimal Classification
Tipo de ítem Libro
Existencias
Withdrawn status Lost status Sistema de Clasificación Damaged status No para préstamo Colección Inventariado Ubicación Permanente Ubicación actual Fecha de adquisición Fuente de Valor Valor Total Checkouts Número topográfico Inventario / Código de Barras Date last seen Date checked out Ejemplar Price effective from Forma de adquisición Tipo de material
    Dewey Decimal Classification     General Inventariado 2017 Bogotá Bogotá 21/04/2005 Instituto 39000.00 1 LB-558.61 S94s 017815 11/02/2020 11/02/2020 Ej. 1 04/12/2012   Libro